000 00595nam a2200205Ia 4500
003 GCL
008 140319s9999 xx 000 0 ara d
040 _aGCL /
_cGCL
082 0 4 _a320.101
_bا ف
100 1 _aاحمد صدقى الدجانى
245 1 0 _aفكر وفعل /
_cاحمد صدقى الدجانى
260 _a[S.N] :
_bدار المستقبل العربى ،
_c1985
300 _a223
490 _a
650 0 4 _aالعالم العربى
650 0 4 _aالاحوال السياسية
650 0 4 _aالديمقراطية
650 0 4 _aالثقافة
942 _2ddc
_cBK
999 _c31129
_d31129